Who Did That Song? (Insanely Difficult) - Statistics

General Stats
  • This quiz has been taken 42 times
  • The average score is 8 of 25
Answer Stats
Songs Artists % Correct
Dream On Aerosmith
68%
My Way Frank Sinatra
68%
September Earth, Wind & Fire
61%
Fast Car Tracy Chapman
61%
Basket Case Green Day
59%
Crazy Little Thing Called Love Queen
59%
Paradise City Guns N’ Roses
54%
Nothing Else Matters Metallica
54%
Just Dance Lady Gaga
51%
Hurt Johnny Cash
46%
Für Elise Ludwig Van Beethoven
44%
My Girl The Temptations
44%
Barbara Ann The Beach Boys
39%
We’re Not Gonna Take It Twisted Sister
37%
Dig A Pony The Beatles
22%
Teenagers My Chemical Romance
20%
Rainbow In The Dark Ronnie James Dio
17%
Moby Dick Led Zeppelin
12%
Who Is It? Michael Jackson
7%
War Of Hormone BTS
2%
Portrait of a Blank Slate Lovejoy
2%
Tornado Of Souls Megadeth
2%
Lockdown NRG Platinum Moon
2%
Sleepwalking Cinders
0%
Mean It Slackjaw
0%
No matching quizzes found
Score Distribution
Percent of People with Each Score
Percentile by Number Answered
Your Score History
You have not taken this quiz